000 00839cab a22001935a 4500
001 L137253
008 070326e2007 xxk 000 0 eng d
035 _a(Sirsi) u137253
041 0 _aeng
100 1 _aMcCormick, Helen
245 0 0 _aBalfour Beatty powers ahead in February
260 _c2007
490 _aContract Journal
_v(6617) 21 March 2007, 10-11(2)
520 _aBalfour Beatty topped the new work winners monthly league table for February 2007, with Kier in second place and HBG Construction in third. Balfour Beatty remained at the top of the new work winners table for the past 12 months. February?s overall workload was £3.17bn, above the 12 month average of £2.47bn, boosted by infrastructure activity.
590 _aKA
651 4 _aGREAT BRITAIN
690 _aBUILT ENVIRONMENT-CONSTRUCTION MARKET
942 _n0
999 _c78570
_d78570